[Event "HUN-chT2 Breyer 1617"]
[Site "Hungary"]
[Date "2017.02.26"]
[Round "7.11"]
[White "Makai, Bence"]
[Black "Kosar Nagy, Mark"]
[Result "1-0"]
[WhiteElo "1204"]
[BlackElo "1253"]
[PlyCount "51"]
[EventDate "2016.10.30"]
[EventType "team-tourn"]
[EventRounds "9"]
[EventCountry "HUN"]
[SourceTitle "EXT 2021"]
[Source "ChessBase"]
[SourceDate "2020.10.23"]
[SourceVersion "1"]
[SourceVersionDate "2020.10.23"]
[SourceQuality "1"]
[WhiteTeam "Budapest MLTC"]
[BlackTeam "Torokbalint"]
[WhiteTeamCountry "HUN"]
[BlackTeamCountry "HUN"]

1. d4 d6 2. c4 Nf6 3. Nf3 g6 4. Nc3 Bg7 5. Bg5 0-0 6. e3 c6 7. Bd3 d5 8. 0-0 dxc4 9. Bxc4 Be6 10. Bxe6 fxe6 11. Qb3 Nd5 12. Qxb7 Nd7 13. Qxc6 e5 14. Qxd5+ Kh8 15. Qe6 Re8 16. Nd5 Bf8 17. Rac1 Rb8 18. Rc2 exd4 19. Nxd4 Nb6 20. e4 Nxd5 21. exd5 Bg7 22. Nf3 Rb7 23. Ne5 Qb6 24. Nf7+ Kg8 25. Nh6+ Kf8 26. Qg8# 1-0